Cây đậu xanh: Kỹ thuật trồng và chế biến sản phẩm

שמור ב:
מידע ביבליוגרפי
מחבר ראשי: Phạm Văn Thiều
פורמט: ספר
שפה:Undetermined
יצא לאור: Hà Nội Nông Nghiệp 1999
נושאים:
תגים: הוספת תג
אין תגיות, היה/י הראשונ/ה לתייג את הרשומה!
Thư viện lưu trữ: Trung tâm Học liệu Trường Đại học Cần Thơ
LEADER 00532nam a2200169Ia 4500
001 CTU_35354
008 210402s9999 xx 000 0 und d
082 |a 633.3 
082 |b Th309/1999 
100 |a Phạm Văn Thiều 
245 0 |a Cây đậu xanh: Kỹ thuật trồng và chế biến sản phẩm 
245 0 |c Phạm Văn Thiều 
260 |a Hà Nội 
260 |b Nông Nghiệp 
260 |c 1999 
650 |a field crops,mung bean 
980 |a Trung tâm Học liệu Trường Đại học Cần Thơ